01589nam a22003374a 4500001001200000003000800012006001900020007001500039008004100054010001700095020003600112040002100148035002000169050002300189082002700212100002300239245014000262260005900402300002400461504006400485533015200549650004000701650005900741650006100800650007100861650007300932651007401005655002901079710001701108856012601125ebr10062664CaPaEBRm u cr cn|||||||||021227s2003 txua sb 001 0 eng  z 2002045577 z1574411632 (cloth : alk. paper) aCaPaEBRcCaPaEBR a(OCoLC)7074392014aUF753b.B44 2003eb04a623.4/51/0973090342211 aBell, Jack,d1941-10aCivil War heavy explosive ordnanceh[electronic resource] :ba guide to large artillery projectiles, torpedoes, and mines /cJack Bell. aDenton, TX :bUniversity of North Texas Press,cc2003. axii, 537 p. :bill. aIncludes bibliographical references (p. 527-529) and index. aElectronic reproduction.bPalo Alto, Calif. :cebrary,d2013.nAvailable via World Wide Web.nAccess may be limited to ebrary affiliated libraries. 0aProjectilesxHistoryy19th century. 0aSubmarine mineszUnited StatesxHistoryy19th century. 0aSubmarine mineszConfederate States of AmericaxHistory. 0aMines (Military explosives)zUnited StatesxHistoryy19th century. 0aMines (Military explosives)zConfederate States of AmericaxHistory. 0aUnited StatesxHistoryyCivil War, 1861-1865xEquipment and supplies. 7aElectronic books.2local2 aebrary, Inc.40uhttp://site.ebrary.com/lib/rucke/Doc?id=10062664zAn electronic book accessible through the World Wide Web; click to view